000 02021cam a2200421 4500500
005 20251228051821.0
041 _afre
042 _adc
100 1 0 _aFleury, Marine
_eauthor
700 1 0 _aCohendet, Marie-Anne
_eauthor
245 0 0 _a« Work still in progress » : chronique de droit constitutionnel sur la Charte de l’environnement
260 _c2022.
500 _a76
520 _aWork still in progress… L’expression paraît bien résumer cette année de contentieux constitutionnel de la Charte de l’environnement. Le juge constitutionnel a précisé un peu plus les intérêts protégés par la Charte et approfondi la protection qu’il confère au droit de vivre dans un environnement équilibré et respectueux de la santé.
520 _aWork still in progress… This expression condenses this year of Charter of the environment litigation. Actually, the French constitutional council clarified the interests protected by the Charter and developed the constitutional guarantees of the right to live in an healthy environment.
690 _abiocarburants
690 _aCharte de l’environnement
690 _aconcessions minières
690 _adroit de chasse
690 _agénérations futures
690 _amoulins à eau
690 _aprincipe de non-régression
690 _aQPC
690 _astockage de déchets ultimes
690 _aTGAP
690 _abiofuels
690 _aenvironment Charter
690 _afuture generations
690 _ageneral tax on polluting activities (TGAP)
690 _ahunting right
690 _amining concessions
690 _apreliminary ruling on constitutionality (QPC)
690 _aprinciple of non-regression
690 _aultimate waste storage
690 _awater mills
786 0 _nRevue juridique de l’environnement | Volume 47 | 4 | 2022-12-06 | p. 825-839 | 0397-0299
856 4 1 _uhttps://droit.cairn.info/revue-juridique-de-l-environnement-2022-4-page-825?lang=fr&redirect-ssocas=7080
999 _c1582401
_d1582401